000 00674nam a2200193Ia 4500
003 GCL
008 140319s9999 xx 000 0 ara d
040 _aGCL /
_cGCL
082 0 4 _a928.438
_bس ف
100 1 _aاحمد عبدالمعطى حجازى
245 1 0 _aفيسوافا شيمبورسكا شاعرة نوبل 1996 /
_cاحمد عبدالمعطى حجازى
700 1 _aهناء عبدالفتاح
700 1 _aسامولينسكا متولى، دوروتا
300 _a257 ص
490 _aالهيئة العامة للاستعلامات
_v0
650 0 4 _aالادب البولندى
650 0 4 _aالشعراء البولنديون
942 _2ddc
_cBK
999 _c50161
_d50161